Bookworm short stories 67

Bibliographic Details
Format: Book
Published: Singapore : Bookworm Publishing , 1995
Series:Bookworm club
Subjects:

MARC

LEADER 00000cam a2200000 7i4500
001 0000008295
002 000009046
005 20011205.0
020 |a 9813051698 
090 0 0 |a JF   |b BOO 
245 0 0 |a Bookworm short stories 67 
260 |a Singapore :   |b Bookworm Publishing ,   |c 1995 
300 |a 75p. :   |b ill. ;   |c 21cm. 
490 0 |a Bookworm club 
650 0 0 |a Children's stories 
999 |a 047119   |b BUKU   |c PINJAMAN   |e PERPUSTAKAAN KOMUNITI CAW KOTA DAMANSARA 
999 |a 047120   |b BUKU   |c PINJAMAN   |e PERPUSTAKAAN KOMUNITI CAW KOTA DAMANSARA 
999 |a 050849   |b BUKU   |c PINJAMAN   |e PERPUSTAKAAN KOMUNITI PETALING JAYA 
999 |a 050850   |b BUKU   |c PINJAMAN   |e PERPUSTAKAAN KOMUNITI PETALING JAYA